Linear algebra and its applications

Αποθηκεύτηκε σε:
Λεπτομέρειες βιβλιογραφικής εγγραφής
Κύριος συγγραφέας: Strang, Gilbert
Μορφή: Βιβλίο
Γλώσσα:English
Δημοσίευση: San Diego : Harcourt, Brace, Jovanovich, Publishers, c1988.
Έκδοση:3η εκδ.
Θέματα:
Ετικέτες: Προσθήκη ετικέτας
Δεν υπάρχουν, Καταχωρήστε ετικέτα πρώτοι!

MARC

LEADER 00000cam a2200000 i 4500
001 1/63986
008 941103s1988 cau| ||| |||| ||eng||
020 |a 0155510053 
035 |l 10046885 
035 |a 1993  |c ΑΥΓΕΡΙΝΟΣ 
040 |a GR-MyUA  |b gre  |e AACR2 
041 0 |a eng 
082 0 |a 512.5  |2 (19) 
100 1 |a Strang, Gilbert. 
245 1 0 |a Linear algebra and its applications /   |c Gilbert Strang.  
250 |a 3η εκδ.  
260 |a San Diego :   |b Harcourt, Brace, Jovanovich, Publishers,   |c c1988.  
300 |a xii, 505 σ. :   |b εικ. ;   |c 24 εκ.  
504 |a Βιβλιογραφία: σ. [472]. Ευρετήριο.  
650 0 0 |a Algebras, Linear. 
767 0 8 |i Μεταφρασμένο ως:   |t Γραμμική άλγεβρα και εφαρμογές /  
767 0 8 |i Μεταφρασμένο ως:   |t Γραμμική άλγεβρα και εφαρμογές /  
852 |a INST  |b SAMOS  |e 19941103  |h 512.5 STR  |p 005300003118  |q 005300003118  |t BK  |y 0 
909 |a Σ  |b 027719